| 000 | 00607cam a2200169 4500 | ||
|---|---|---|---|
| 001 | WS114783 | ||
| 008 | 010921n 000 0 eng u | ||
| 035 | _a(Sirsi) u114783 | ||
| 110 |
_aWomen in Property _94145 |
||
| 245 | _aWomen in Property | ||
| 520 | _aWeb site for this organisation for women with established careers in the property industry. | ||
| 650 | _aORGANISATION | ||
| 650 | _aEQUAL OPPORTUNTIES | ||
| 690 | _aMANAGEMENT-BUSINESS MANAGEMENT-PROFESSIONAL PRACTICE | ||
| 856 | 4 | 0 |
_uhttps://www.wip.propertymall.com/ _zView the website free of charge at www.wip.propertymall.com/... |
| 942 | _n0 | ||
| 999 |
_c119916 _d119916 |
||